On This Day: January 13th Quiz Stats

 Plays Quiz Updated Jan 13, 2018

Score 0/7 Timer 03:00
0 Plays Today
Question Answer Wrong Answers
This American actress and comedian, who had a breakthrough role playing Elaine Benes on ‘Seinfeld’, is born.
1961
Julia Louis-Dreyfus
87.1%
Tina Fey
5.6%
Julianna Margulies
3.4%
Tracee Ellis Ross
2.4%
The National ______ Society is founded in Washington, D.C.
1888
Geographic
86.7%
Exploration
1.9%
Scientific
5.5%
Maritime
5.9%
Johnny Cash famously performs live at this US prison.
1968
Folsom State Prison
79.5%
Alcatraz Federal Penitentiary
7.3%
San Quentin State Prison
9.3%
Rikers Island
1.6%
Henry Ford patents a ______ automobile, which is 30% lighter than a regular car.
1942
Plastic
62%
Wood
28.6%
Rubber
5.8%
Glass
2.5%
Soviet Union troops attack ______ independence supporters in Vilnius, killing 14 people and wounding around 1000 others.
1991
Lithuanian
56.2%
Polish
7.9%
Estonian
16.4%
Latvian
17.1%
‘J'accuse…!’, an open letter penned by this influential French novelist, exposes the Dreyfus affair.
1898
Émile Zola
49.7%
Victor Hugo
27.4%
Alexandre Dumas
19.5%
Henrik Ibsen
2.9%
A coup d'état in this West African nation on the Gulf of Guinea results in the assassination of president Sylvanus Olympio.
1963
Togo
36.5%
Senegal
40.5%
Tunisia
10%
Namibia
11%

You're not logged in!

Compare scores with friends on all Sporcle quizzes.
OR
Log In

Sporcle TV

Today on Sporcle TV


Watch our educational content, quiz creation guides, and fun videos on Sporcle TV.

Show Comments

Extras

Top Quizzes Today


Score Distribution

Your Account Isn't Verified!

In order to create a playlist on Sporcle, you need to verify the email address you used during registration. Go to your Sporcle Settings to finish the process.

Report this User

Report this user for behavior that violates our Community Guidelines.

Details: